The ghost of Ernie P. / (Record no. 4242)

MARC details
000 -LEADER
fixed length control field 00974pam a2200313 a 4500
001 - CONTROL NUMBER
control field 4242
003 - CONTROL NUMBER IDENTIFIER
control field FISKH
005 - DATE AND TIME OF LATEST TRANSACTION
control field 20240708091324.0
008 - FIXED-LENGTH DATA ELEMENTS--GENERAL INFORMATION
fixed length control field 900209s1990 nyu j 000 1 eng
010 ## - LIBRARY OF CONGRESS CONTROL NUMBER
LC control number 90055108
020 ## - INTERNATIONAL STANDARD BOOK NUMBER
International Standard Book Number 0823408353 :
020 ## - INTERNATIONAL STANDARD BOOK NUMBER
International Standard Book Number 078073002955
040 ## - CATALOGING SOURCE
Original cataloging agency DLC
Transcribing agency DLC
Modifying agency DLC
Language of cataloging eng
050 ## - LIBRARY OF CONGRESS CALL NUMBER
Classification number PZ7.W933
082 ## - DEWEY DECIMAL CLASSIFICATION NUMBER
Classification number 813.54
100 1# - MAIN ENTRY--PERSONAL NAME
Personal name Wright, Betty Ren.
245 14 - TITLE STATEMENT
Title The ghost of Ernie P. /
Statement of responsibility, etc. Betty Ren Wright.
250 ## - EDITION STATEMENT
Edition statement First Scholastic, July 1992
260 ## - PUBLICATION, DISTRIBUTION, ETC.
Place of publication, distribution, etc. New York :
Name of publisher, distributor, etc. Scholastic,
Date of publication, distribution, etc. 1990.
300 ## - PHYSICAL DESCRIPTION
Extent 130 pages :
Dimensions 20 cm
505 ## - FORMATTED CONTENTS NOTE
Formatted contents note R<br/>
520 ## - SUMMARY, ETC.
Summary, etc. After a freak accident kills Ernie and cuts short his Top Secret Plan, his friend Jeff is haunted by Ernie's ghost and pushed toward carrying out the plan.
521 8# - TARGET AUDIENCE NOTE
Target audience note 750 <br/>
Source Lexile estimate <br/>
521 8# - TARGET AUDIENCE NOTE
Target audience note R <br/>
Source Raz-Plus <br/>
650 #1 - SUBJECT ADDED ENTRY--TOPICAL TERM
Topical term or geographic name entry element Ghosts
General subdivision Fiction.
906 ## - LOCAL DATA ELEMENT F, LDF (RLIN)
a 7
b cbc
c orignew
d 1
e ocip
f 19
g y-gencatlg
942 ## - ADDED ENTRY ELEMENTS (KOHA)
Source of classification or shelving scheme Dewey Decimal Classification
Koha item type Books
Suppress in OPAC No
Holdings
Withdrawn status Lost status Source of classification or shelving scheme Damaged status Not for loan Collection Home library Current library Shelving location Date acquired Total Checkouts Full call number Barcode Date last seen Price effective from Koha item type
    Dewey Decimal Classification     Juvenile Fiction Footprints International School Library Network Toul Kork Campus Footprints International School Library Network Toul Kork Campus TK Primary Library Room(4th Floor), Bookcase 5&6, Shelves 33-56, Orange Books 07/08/2024   WRI 813.54 PZ7.W933 2024-0915 07/08/2024 07/08/2024 Books